00963cam a22002531 4500001001300000003000400013005001700017008004100034010001700075035001900092040004200111042001200153050003100165110003200196245005000228260005100278300004500329490006900374500005400443650005900497650004000556810009600596999001700692l 43000050 DLC20260227111538.0781103s1943 quca 000 0 eng c al 43000050  a(OCoLC)4344328 aU.S. Dept. of LaborcCoDUdOCoLCdDLC apremarc00aHD4813b.I4 ser. A, no. 422 aInternational Labour Office10aJoint production committees in Great Britain. aMontreal,bInternational labour office,c1943. a 1 p. l. iv, 74 p.bfold. diagr.c23 cm.1 aIts Studies and reports, Series A (Industrial relations)vno. 42 aAt head of title: International labour office ... 0aWorld War, 1939-1945xEconomic aspectszGreat Britain. 0aManagementxEmployee participation.2 aInternational Labour Office.tStudies and reports, Series A (Industrial relations)vno. 42. c36421d36421